=LDR 00000nam 2200000 4500 =001 INLIS000000000049916 =005 20170411123416.0 =006 =007 =008 =020 ##$$a 978-979-25-5339-0 =035 ##$$0010-041700000000106 =040 ##$$a NBPDMAT =082 ##$$a 922 =090 ##$$a 922 Mus a =100 ##$$a Mustari Mustafa =245 ##$$a Agama dan bayang - bayang etis Syaikh Yusuf Al - Makassari $c Dr. Mustari Mustafa =260 ##$$a Yogyakarta $b LKiS $c 2011 =300 ##$$a xii, 206 hlm. $c 22 cm. =650 ##$$a Al Kassari, Yusuf, Syaikh - Biografi =850 ##$$a NBPDMAT